000
00322nam a22001457a 4500
003
OSt
005
20160727222413.0
008
160624b xxu||||| |||| 00| 0 eng d
040
_c
TEST
100
_9
1056
_a
Kenny, K
245
_a
Trixie Belden
260
_a
USA
_b
WESTERN
_c
1980
300
_a
Trixie Belden
942
_2
ddc
_c
BK
999
_c
843
_d
843